[Event "Lisbon Simoes Memorial 3rd"]
[Site "Lisbon"]
[Date "2019.10.16"]
[Round "3"]
[White "Pires, Emanuel Joao Robart"]
[Black "Sousa, Tadeu Filipe Leonar"]
[Result "1-0"]
[WhiteElo "2091"]
[BlackElo "1881"]
[PlyCount "36"]
[EventDate "2019.10.02"]
[EventType "swiss"]
[EventRounds "5"]
[EventCountry "POR"]
[SourceTitle "CBM 192 Extra"]
[Source "Chessbase"]
[SourceDate "2019.11.06"]
[SourceVersion "1"]
[SourceVersionDate "2019.11.06"]
[SourceQuality "1"]

1. e4 c5 2. f4 d5 3. e5 Nc6 4. Nf3 Bg4 5. Be2 e6 6. 0-0 Nge7 7. c3 Nf5 8. d3 g6 9. Na3 Bg7 10. Nc2 0-0 11. Bd2 a6 12. Be1 b5 13. Bf2 c4 14. d4 h5 15. h3 Bxf3 16. Bxf3 h4 17. Bg4 Bh6 18. Bxf5 gxf5 1-0

[Event "Lisbon Portugal op"]
[Site "Lisbon"]
[Date "2018.02.03"]
[Round "1"]
[White "Fernandes, Antonio ETG"]
[Black "Sousa, Tadeu Filipe Leonar"]
[Result "1-0"]
[WhiteElo "2443"]
[BlackElo "1888"]
[PlyCount "107"]
[EventDate "2018.02.03"]
[EventType "swiss"]
[EventRounds "9"]
[EventCountry "POR"]
[SourceTitle "CBM 182 Extra"]
[Source "ChessBase"]
[SourceDate "2018.02.23"]
[SourceVersion "1"]
[SourceVersionDate "2018.02.23"]
[SourceQuality "1"]

1. d4 Nf6 2. Bg5 d5 3. Bxf6 exf6 4. e3 Bf5 5. a3 c5 6. Nc3 cxd4 7. Qxd4 Nc6 8. Qxd5 Bxc2 9. Rc1 Bg6 10. Qb3 Qd7 11. Rd1 Qc8 12. Nd5 Be7 13. Bb5 Be4 14. Nxe7 Kxe7 15. f3 Bf5 16. Qd5 Rd8 17. Qc5+ Ke8 18. Rxd8+ Kxd8 19. Ne2 Bd7 20. Qf8+ Kc7 21. Qxg7 Qe8 22. Bxc6 bxc6 23. Kf2 Qe5 24. Rd1 Re8 25. Rd3 Re7 26. Rc3 Qxh2 27. Qxf6 Qd6 28. Qh4 Re5 29. Qxh7 f5 30. Qh2 Rb5 31. Qxd6+ Kxd6 32. b4 a5 33. Rd3+ Kc7 34. Nc3 Re5 35. Kg3 axb4 36. axb4 Re8 37. Kf4 Rb8 38. Rd4 Rg8 39. Rd2 Rh8 40. g3 Rh1 41. Na4 Rc1 42. Nc5 Bc8 43. Rd4 Rc3 44. e4 fxe4 45. Rxe4 Rc1 46. g4 Kb6 47. Kg5 Ba6 48. Nxa6 Kxa6 49. f4 Kb5 50. f5 Rb1 51. f6 Rxb4 52. Rxb4+ Kxb4 53. f7 c5 54. f8Q 1-0

[Event "POR-ch prel"]
[Site "Lisbon"]
[Date "2015.03.10"]
[Round "4"]
[White "Sousa, Tadeu Filipe Leonar"]
[Black "Dias, Jose Oliveira Gaspa"]
[Result "1-0"]
[WhiteElo "1725"]
[BlackElo "1665"]
[PlyCount "29"]
[EventDate "2015.03.08"]
[EventType "swiss"]
[EventRounds "9"]
[EventCountry "POR"]
[SourceTitle "EXT 2018"]
[Source "ChessBase"]
[SourceDate "2017.10.13"]
[SourceVersion "1"]
[SourceVersionDate "2017.10.13"]
[SourceQuality "1"]

1. e4 d5 2. exd5 Qxd5 3. Nc3 Qd6 4. d4 Nf6 5. Bc4 a6 6. Nf3 b5 7. Bb3 Bb7 8. Ne5 e6 9. Bf4 Nbd7 10. Ng6 Qc6 11. d5 Nxd5 12. Bxd5 exd5 13. Qe2+ Kd8 14. Nxh8 Qf6 15. Bg5 1-0

[Event "Lisbon Cup 26th"]
[Site "Lisbon"]
[Date "2015.03.01"]
[Round "3"]
[White "Szabolcs, Sebestyen"]
[Black "Sousa, Tadeu Filipe Leonar"]
[Result "1/2-1/2"]
[WhiteElo "1992"]
[BlackElo "1751"]
[PlyCount "51"]
[EventDate "2015.01.18"]
[EventType "swiss"]
[EventRounds "7"]
[EventCountry "POR"]
[SourceTitle "EXT 2017"]
[Source "ChessBase"]
[SourceDate "2016.10.25"]
[SourceVersion "1"]
[SourceVersionDate "2016.10.25"]
[SourceQuality "1"]

1. e4 c5 2. d4 cxd4 3. c3 Nf6 4. Qxd4 Nc6 5. Qe3 d5 6. exd5 Nxd5 7. Qf3 e5 8. Bc4 Be6 9. Ne2 Ndb4 10. cxb4 Bxb4+ 11. Bd2 Bxc4 12. 0-0 Bxd2 13. Rd1 Qg5 14. Nxd2 Bxe2 15. Qxe2 Nd4 16. Qe4 0-0 17. Nc4 Rac8 18. Nxe5 Rfe8 19. Qxd4 Qxe5 20. Qxe5 Rxe5 21. Rd2 g6 22. Kf1 Rec5 23. Rad1 Re8 24. Rd8 Kf8 25. Rxe8+ Kxe8 26. Rd2 1/2-1/2

[Event "Lisbon-ch"]
[Site "Lisbon"]
[Date "2015.02.02"]
[Round "3"]
[White "Rocha, Manuel Fernando"]
[Black "Sousa, Tadeu Filipe Leonar"]
[Result "0-1"]
[WhiteElo "1798"]
[BlackElo "1787"]
[PlyCount "120"]
[EventDate "2015.01.27"]
[EventType "swiss"]
[EventRounds "7"]
[EventCountry "POR"]
[SourceTitle "CBM 164 Extra"]
[Source "ChessBase"]
[SourceDate "2015.03.02"]
[SourceVersion "1"]
[SourceVersionDate "2015.03.02"]
[SourceQuality "1"]

1. e4 c5 2. Nf3 Nc6 3. d4 cxd4 4. Nxd4 e5 5. Nb5 d6 6. c4 Be7 7. N1c3 a6 8. Na3 Be6 9. Be3 Bg5 10. Nc2 Bxe3 11. Nxe3 Nd4 12. Qd2 Qa5 13. Rb1 Ne7 14. Bd3 0-0 15. Ned5 Nxd5 16. exd5 Bd7 17. 0-0 b5 18. b4 Qb6 19. Kh1 f5 20. Rbd1 bxc4 21. Bxc4 Qxb4 22. Bd3 Rac8 23. Nb1 Qxd2 24. Rxd2 Bb5 25. f3 Rc5 26. a4 Bxd3 27. Rxd3 Rfc8 28. f4 Rxd5 29. Rfd1 Rdc5 30. fxe5 dxe5 31. Nd2 Rc2 32. Nf3 Nxf3 33. Rd8+ Rxd8 34. Rxd8+ Kf7 35. gxf3 Rc4 36. Rd5 Rxa4 37. Rxe5 Kf6 38. Rc5 Ra2 39. f4 a5 40. Rc6+ Kf7 41. Kg1 a4 42. Ra6 a3 43. Ra5 Ra1+ 44. Kg2 Kg6 45. h3 a2 46. Ra6+ Kf7 47. Ra5 Ke6 48. Re5+ Kd6 49. Ra5 Kc6 50. Ra8 Kd5 51. Ra4 Kc5 52. Ra8 Kd4 53. Ra3 Ke4 54. Ra4+ Ke3 55. Ra3+ Kxf4 56. Ra7 Ke3 57. Ra3+ Ke2 58. Ra8 f4 59. Re8+ Kd3 60. Rd8+ Kc4 0-1

[Event "Lisbon Christmas op"]
[Site "Lisbon"]
[Date "2014.12.26"]
[Round "1"]
[White "Sousa, Tadeu Filipe Leonar"]
[Black "Mehringer, Joerg"]
[Result "0-1"]
[WhiteElo "1787"]
[BlackElo "1969"]
[PlyCount "126"]
[EventDate "2014.12.26"]
[EventType "swiss"]
[EventRounds "9"]
[EventCountry "POR"]
[SourceTitle "EXT 2018"]
[Source "ChessBase"]
[SourceDate "2017.10.13"]
[SourceVersion "1"]
[SourceVersionDate "2017.10.13"]
[SourceQuality "1"]

1. e4 e5 2. Nf3 Nc6 3. Bb5 f5 4. d3 fxe4 5. dxe4 Nf6 6. 0-0 Bc5 7. Qd3 d6 8. Qc4 Qd7 9. Nc3 a6 10. Ba4 Qf7 11. Qxf7+ Kxf7 12. Bb3+ Ke7 13. Bg5 Be6 14. Nd5+ Bxd5 15. Bxd5 Rhf8 16. c3 a5 17. Rfe1 h6 18. Be3 Bxe3 19. Rxe3 g5 20. h4 g4 21. Nh2 Nd8 22. Bb3 Ne6 23. Nf1 Nh5 24. Bd1 Rg8 25. Nh2 Nhf4 26. Bxg4 h5 27. Bf3 Nxg2 28. Bxg2 Nf4 29. Rg3 Ne2+ 30. Kh1 Nxg3+ 31. fxg3 Rxg3 32. Nf3 Rf8 33. Rg1 Rfxf3 34. Bxf3 Rxf3 35. Kg2 Rf4 36. Re1 Rxh4 37. Kg3 Rg4+ 38. Kf3 Kf6 39. Rh1 Kg5 40. a4 h4 41. b4 Rg3+ 42. Kf2 Rxc3 43. bxa5 Ra3 44. Rb1 Rxa4 45. Rxb7 Rxa5 46. Rxc7 Kf4 47. Rc6 Ra2+ 48. Kg1 Rd2 49. Rc8 Kxe4 50. Rh8 Kd3 51. Rxh4 e4 52. Kf1 Rd1+ 53. Kg2 d5 54. Rh5 d4 55. Rh3+ e3 56. Kf3 Rf1+ 57. Kg2 Rf2+ 58. Kg1 Kd2 59. Rh4 d3 60. Re4 Rf8 61. Ra4 e2 62. Ra2+ Ke3 63. Ra1 Rf1+ 0-1

[Event "POR-ch U18"]
[Site "Luso"]
[Date "2014.07.27"]
[Round "7"]
[White "Sousa, Tadeu Filipe Leonar"]
[Black "Martins, Diogo Faria Oliveir"]
[Result "1/2-1/2"]
[WhiteElo "1783"]
[BlackElo "1656"]
[PlyCount "73"]
[EventDate "2014.07.23"]
[EventType "swiss"]
[EventRounds "7"]
[EventCountry "POR"]
[SourceTitle "EXT 2015"]
[Source "ChessBase"]
[SourceDate "2014.11.20"]
[SourceVersion "1"]
[SourceVersionDate "2014.11.20"]
[SourceQuality "1"]

1. e4 c5 2. Ne2 Nc6 3. g3 g6 4. Bg2 Bg7 5. 0-0 d6 6. c3 Qb6 7. Na3 Bd7 8. d3 e6 9. Be3 Nge7 10. b4 Qa6 11. Nc4 0-0 12. Rb1 cxb4 13. cxb4 Ne5 14. Nxe5 Bxe5 15. d4 Bb5 16. Nc3 Bg7 17. Nxb5 Qxb5 18. a4 Qd7 19. b5 d5 20. e5 Nc8 21. a5 a6 22. b6 Ne7 23. Rc1 Rac8 24. Qb3 Rxc1 25. Rxc1 Rc8 26. Bf1 Nf5 27. Qb2 Nxe3 28. fxe3 h5 29. Rc3 Kf8 30. Qc2 Rxc3 31. Qxc3 Ke8 32. Kf2 Bf8 33. Bd3 Kd8 34. Qb3 Kc8 35. Qc2+ Kd8 36. Qc3 Qc8 37. Qb2 1/2-1/2

[Event "POR-ch U18"]
[Site "Braga"]
[Date "2013.08.04"]
[Round "4.3"]
[White "Sousa, Tadeu Filipe Leonar"]
[Black "Cruz, Lourenco Filipe Alb"]
[Result "1/2-1/2"]
[WhiteElo "1740"]
[BlackElo "1621"]
[PlyCount "29"]
[EventDate "2013.08.02"]
[EventType "swiss"]
[EventRounds "7"]
[EventCountry "POR"]
[SourceTitle "EXT 2015"]
[Source "ChessBase"]
[SourceDate "2014.11.20"]
[SourceVersion "1"]
[SourceVersionDate "2014.11.20"]
[SourceQuality "1"]

1. e4 c6 2. d4 d5 3. Nc3 dxe4 4. Nxe4 Bf5 5. Ng3 Bg6 6. h4 h6 7. Nf3 Nf6 8. Ne5 Bh7 9. Bc4 e6 10. Qe2 Nd5 11. Bd2 Nd7 12. 0-0-0 Nxe5 13. dxe5 Qc7 14. f4 0-0-0 15. Qe1 1/2-1/2

[Event "Faro Honra"]
[Site "Faro"]
[Date "2012.04.29"]
[Round "7"]
[White "Marques, Eduardo Manuel C"]
[Black "Sousa, Tadeu Filipe Leonar"]
[Result "1-0"]
[WhiteElo "1803"]
[BlackElo "1703"]
[PlyCount "55"]
[EventDate "2012.04.21"]
[EventType "tourn"]
[EventRounds "9"]
[EventCountry "POR"]
[SourceTitle "CBM 148 Extra"]
[Source "ChessBase"]
[SourceDate "2012.06.22"]
[SourceVersion "1"]
[SourceVersionDate "2012.06.22"]
[SourceQuality "1"]

1. d4 e6 2. e4 d5 3. Nc3 Be7 4. Nf3 Nf6 5. Bd3 0-0 6. 0-0 dxe4 7. Nxe4 Nbd7 8. Re1 Nxe4 9. Bxe4 Nf6 10. Bd3 b6 11. c3 Bb7 12. Ne5 Qd5 13. f3 Qd8 14. Bg5 h6 15. Bh4 Nh5 16. Bxe7 Qxe7 17. Qd2 c5 18. Rad1 cxd4 19. cxd4 Rfd8 20. Bc2 Qf6 21. Qd3 Qg5 22. Qh7+ Kf8 23. h4 Qxh4 24. Nxf7 Rxd4 25. Ne5 Qd8 26. Qg6 Kg8 27. Qf7+ Kh8 28. Qxh5 1-0